| 000 | 01086nam2a22002651 4500 | ||
|---|---|---|---|
| 001 | RU\NLR\Per\725724 | ||
| 005 | 20250617184216.0 | ||
| 010 | _a978-5-87245-161-7 | ||
| 035 | _a(NLR Aleph) 002972696 | ||
| 090 |
_a4079275 _c4079275 |
||
| 100 | _a20101203d2010 |||y0rusy50 ca | ||
| 101 | 0 | _arus | |
| 102 | _aRU | ||
| 200 | 0 | _a№ 11/12 | |
| 210 |
_d2010 _aБ. м. |
||
| 300 | _aЮбил. вып., посвященный 325-летию Славяно-греко-латинской академии | ||
| 461 | 0 |
_1001RU\NLR\INFOCOMM15\1000037522 _12001#$aБогословский вестник, издаваемый Московской духовной академией$v№ 11/12 _92426033 _cСергиев Посад _d1892-1918, 1993- _tБогословский вестник, издаваемый Московской духовной академией _x2500-1450 _v№ 11/12 |
|
| 801 | 1 |
_aRU _bInfoComm _c20031223 |
|
| 801 | 0 |
_aRU _bNLR _gPSBO |
|
| 801 | 2 |
_aRU _bNLR _c20090206 _2rusmarc |
|
| 852 |
_aNLR _jП37/87 |
||
| 942 | _cISSUE | ||
| 980 | _aNB | ||
| 980 | _aRUSPER | ||